Syracuse - Choix multiples - Statistiques

Statistiques générales
  • Ce quiz a été pris 35 fois
    29 depuis la dernière actualisation
  • Le résultat moyen est 5 sur 10
Statistiques - réponses
Question Réponse % Correct
Sur quelle île italienne se situe Syracuse ? Sicile
96%
Comment s’appelle l’île historique au cœur de Syracuse ? Ortigia
77%
Quel monument emblématique se trouve sur cette île ? Le Temple d’Apollon
62%
Quel célèbre mathématicien et inventeur est né à Syracuse ? Archimède
58%
Quelle est la particularité de la “cathédrale” de Syracuse (Duomo di Siracusa) ? C’est un temple grec transformé en église
58%
Quel était le peuple fondateur de Syracuse ? Les Grecs de Corinthe
58%
Quelle mer borde Syracuse ? Mer Ionienne
46%
Quelle fleur ou plante pousse naturellement autour de la fontaine d’Aréthuse ? Papyrus
42%
Comment s’appelle la célèbre oreille rocheuse du parc archéologique de Syracuse ? L’Oreille de Denys
31%
Syracuse a une “ville sœur” dans son inscription UNESCO. Laquelle ? Pantalica
19%
Aucun quiz correspondant
Distribution des résultats
% des personnes avec chaque résultat
Percentile par nombre de réponses
Votre historique - résultats
Vous n’avez pas pris ce quiz depuis la dernière actualisation